00571cam a22002171 4500001001300000003000400013005001700017008004100034010001700075035001900092040001800111042001200129050001800141100003200159245005500191250001400246260002800260300001900288651002900307999001700336sa 67002951 DLC20260227112334.0820922s1966 ii a 000 0 eng  asa 67002951  a(OCoLC)8797495 aDLCcMoUdDLC apremarc00aDS485.K4bK681 aKrishna Ayyar, K. V.d1894-12aA short history of Kerala,cby K.V. Krishna Ayyar. a[1st ed.] aErnakulam,bPaic[1966] a218 p.billus. 0aKerala (India)xHistory. c73550d73550